000 00951nam a2200265 a 4500
005 20090905154757.0
008 060731s1999 nyua b 000 0 eng d
010 _aB-357041
020 _c200.00
_a8190271660
035 _aB-357041
037 _bDBAD / PUB
040 _adpl
_bEnglish
082 _aS
100 _aKhatri, Vikas S.
245 _aThe wind and the Sun and other stories /
_cby Vikas S Khatri; illustrated by Shankar Nayak
260 _aDelhi
_bPrudence Publishers
_c2009
270 _a518/6B, 2st Floor, Karkari Road, Vishwas Nagar, Shahdara,
_bDelhi
_e32
300 _a199p.:
_c22cm(pbk)
_bill
490 _aSilver bell Indian folk tales
650 _2Tales
650 _2Folklore
_zIndia
700 _aNayak, Shankar
942 _2ddc
_cCH
_mKHA
_hS
999 _c30087
_d30087